[Event "Collado Villalba 64 op 7th"]
[Site "Collado Villalba"]
[Date "2019.08.04"]
[Round "9"]
[White "Ruiz Grau, David"]
[Black "Yaniz Lana, Francisco Javier"]
[Result "0-1"]
[WhiteElo "1322"]
[BlackElo "1587"]
[PlyCount "72"]
[EventDate "2019.07.29"]
[EventType "swiss"]
[EventRounds "9"]
[EventCountry "ESP"]
[SourceTitle "CBM 195 Extra"]
[Source "ChessBase"]
[SourceDate "2020.05.31"]
[SourceVersion "1"]
[SourceVersionDate "2020.05.31"]
[SourceQuality "1"]

1. d4 Nf6 2. Nf3 e6 3. Bf4 c5 4. e3 Qb6 5. Nc3 a6 6. Na4 Qa5+ 7. c3 cxd4 8. b4 Bxb4 9. cxb4 Qxb4+ 10. Nd2 Ne4 11. Rb1 Qa5 12. Nb6 Nc3 13. Qc1 Nxb1 14. Qxb1 e5 15. Bg3 dxe3 16. fxe3 Qc5 17. Qb3 Qc1+ 18. Qd1 Qc3 19. Nxa8 0-0 20. Nb6 Qxe3+ 21. Qe2 Qxb6 22. Qf2 Qb2 23. Qe3 d6 24. Be2 Qc1+ 25. Bd1 Bg4 26. Nf1 Qxd1+ 27. Kf2 Qd4 28. h3 Qxe3+ 29. Nxe3 Be6 30. a3 Nc6 31. Rc1 Re8 32. Nc4 Bxc4 33. Rxc4 Rd8 34. Ke3 f5 35. Bh4 f4+ 36. Ke4 d5+ 0-1

[Event "Madrid San Viator op-B 30th"]
[Site "Madrid"]
[Date "2018.04.22"]
[Round "3"]
[White "Calvo Gonzalez, Jose Felix"]
[Black "Yaniz Lana, Francisco Javier"]
[Result "1-0"]
[WhiteElo "1341"]
[BlackElo "1540"]
[PlyCount "57"]
[EventDate "2018.04.08"]
[EventType "swiss"]
[EventRounds "9"]
[EventCountry "ESP"]
[SourceTitle "EXT 2019"]
[Source "ChessBase"]
[SourceDate "2018.10.10"]
[SourceVersion "1"]
[SourceVersionDate "2018.10.10"]
[SourceQuality "1"]

1. e4 e5 2. Nf3 Nf6 3. Nxe5 d6 4. Nf3 Nxe4 5. d4 Be7 6. Bd3 d5 7. Qe2 0-0 8. 0-0 f5 9. c4 c6 10. cxd5 cxd5 11. Nc3 Nc6 12. Nxd5 Bd6 13. Nc3 Nxc3 14. bxc3 Re8 15. Bc4+ Kf8 16. Qc2 h6 17. Bd2 Bd7 18. Rfe1 Qf6 19. Re3 g5 20. h3 g4 21. hxg4 fxg4 22. Rxe8+ Rxe8 23. Qh7 Bf4 24. Nh4 Ne7 25. Re1 g3 26. Rxe7 gxf2+ 27. Kf1 Bg5 28. Rf7+ Qxf7 29. Qxf7# 1-0

[Event "Madrid San Viator op-B 30th"]
[Site "Madrid"]
[Date "2018.04.15"]
[Round "2"]
[White "Yaniz Lana, Francisco Javier"]
[Black "San Felipe Gonzalez, Tomas"]
[Result "0-1"]
[WhiteElo "1540"]
[BlackElo "1731"]
[PlyCount "68"]
[EventDate "2018.04.08"]
[EventType "swiss"]
[EventRounds "9"]
[EventCountry "ESP"]
[SourceTitle "EXT 2019"]
[Source "ChessBase"]
[SourceDate "2018.10.10"]
[SourceVersion "1"]
[SourceVersionDate "2018.10.10"]
[SourceQuality "1"]

1. d4 Nf6 2. Bf4 e6 3. e3 d5 4. Nf3 c5 5. c3 Nc6 6. Nbd2 Be7 7. Bd3 0-0 8. Ne5 Nd7 9. Ndf3 Ncxe5 10. Nxe5 Nxe5 11. dxe5 g6 12. Bh6 Re8 13. Qg4 Bd7 14. h4 Bf8 15. Bg5 Qc7 16. Bf6 Bg7 17. h5 Bc6 18. hxg6 fxg6 19. Bxg6 hxg6 20. Qxg6 Qf7 21. Qh7+ Kf8 22. Rh4 Bxf6 23. Qxf7+ Kxf7 24. Rf4 Rh8 25. Rxf6+ Ke7 26. Kd2 Rh5 27. f4 Rg8 28. b3 Rxg2+ 29. Kd3 Rhh2 30. e4 Rd2+ 31. Ke3 Rhe2+ 32. Kf3 dxe4+ 33. Kg4 Rg2+ 34. Kh3 Rh2+ 0-1

[Event "Madrid San Viator op-B 30th"]
[Site "Madrid"]
[Date "2018.04.08"]
[Round "1"]
[White "Reyero Castro, Jorge"]
[Black "Yaniz Lana, Francisco Javier"]
[Result "0-1"]
[WhiteElo "1150"]
[BlackElo "1540"]
[PlyCount "78"]
[EventDate "2018.04.08"]
[EventType "swiss"]
[EventRounds "9"]
[EventCountry "ESP"]
[SourceTitle "EXT 2019"]
[Source "ChessBase"]
[SourceDate "2018.10.10"]
[SourceVersion "1"]
[SourceVersionDate "2018.10.10"]
[SourceQuality "1"]

1. e4 c6 2. d4 d5 3. exd5 cxd5 4. Bd3 Nc6 5. c3 Nf6 6. Bf4 Bg4 7. Qb3 Qd7 8. Nd2 a6 9. Ngf3 e6 10. Ne5 Nxe5 11. Bxe5 Be7 12. 0-0 0-0 13. Qc2 h6 14. h3 Bf5 15. Bxf5 exf5 16. Nf3 Ne4 17. Rfe1 Rac8 18. a3 g5 19. Nh2 f6 20. f3 fxe5 21. fxe4 fxe4 22. dxe5 Bc5+ 23. Kh1 Rf2 24. Qd1 Rxb2 25. Rxe4 Qc6 26. Re2 Rb3 27. Ng4 Rxc3 28. Nf6+ Kg7 29. Nh5+ Kg6 30. Qb1+ Kf7 31. Qh7+ Ke8 32. Ng7+ Kd8 33. Rf1 d4 34. Rf7 Rxh3+ 35. Kg1 d3+ 36. Ref2 Bxf2+ 37. Kxf2 Qc2+ 38. Kg1 Qc1+ 39. Rf1 Qe3+ 0-1

[Event "San Sebastian de los Reyes op 19th"]
[Site "San Sebastian"]
[Date "2017.12.04"]
[Round "3"]
[White "Alvarez Gonzalez, Eduardo"]
[Black "Yaniz Lana, Francisco Javier"]
[Result "1-0"]
[WhiteElo "1789"]
[BlackElo "1570"]
[PlyCount "67"]
[EventDate "2017.12.02"]
[EventType "swiss"]
[EventRounds "9"]
[EventCountry "ESP"]
[SourceTitle "CBM 182 Extra"]
[Source "ChessBase"]
[SourceDate "2018.02.23"]
[SourceVersion "1"]
[SourceVersionDate "2018.02.23"]
[SourceQuality "1"]

1. d4 d5 2. Nf3 Nf6 3. c4 c6 4. Nc3 dxc4 5. a4 Bf5 6. e3 e6 7. Bxc4 Bb4 8. Bd2 0-0 9. 0-0 Nbd7 10. Qb3 Bxc3 11. Bxc3 Nb6 12. Be2 Qb8 13. Rac1 Ng4 14. h3 Nf6 15. Ne5 Be4 16. Bf3 Bxf3 17. Nxf3 Nbd5 18. Ne5 Nxc3 19. Rxc3 Rd8 20. Rfc1 Nd5 21. Rc5 f6 22. Nd3 Kf7 23. Qa2 Qd6 24. b4 a6 25. Qb3 Ke7 26. b5 axb5 27. axb5 Ra5 28. bxc6 Rxc5 29. Qxb7+ Kf8 30. Nxc5 Nc7 31. Ra1 Re8 32. Ra7 Re7 33. Nd7+ Rxd7 34. cxd7 1-0

[Event "Madrid Chamartin op 6th"]
[Site "Madrid"]
[Date "2017.09.09"]
[Round "8"]
[White "Yaniz Lana, Francisco Javier"]
[Black "Campo Garcia, Carlos"]
[Result "0-1"]
[WhiteElo "1572"]
[BlackElo "1784"]
[PlyCount "72"]
[EventDate "2017.09.04"]
[EventType "swiss"]
[EventRounds "9"]
[EventCountry "ESP"]
[SourceTitle "CBM 180 Extra"]
[Source "ChessBase"]
[SourceDate "2017.10.06"]
[SourceVersion "1"]
[SourceVersionDate "2017.10.06"]
[SourceQuality "1"]

1. d4 Nf6 2. Bf4 b6 3. e3 e6 4. Nf3 Bb7 5. Bd3 Be7 6. h3 0-0 7. 0-0 c5 8. c3 d6 9. Nbd2 Nbd7 10. Re1 Qc7 11. Bh2 Rad8 12. Rc1 a6 13. Bb1 b5 14. e4 e5 15. d5 Rfe8 16. a4 Nf8 17. axb5 axb5 18. Bd3 c4 19. Be2 Ra8 20. b3 cxb3 21. Qxb3 Reb8 22. Nh4 Nxe4 23. Ndf3 Bc8 24. Bd3 Nc5 25. Qc2 Nxd3 26. Qxd3 Ra3 27. Nxe5 Bxh4 28. Nc6 Rba8 29. Re8 Bd7 30. Ne7+ Bxe7 31. Rxe7 Re8 32. Re3 Rxe3 33. fxe3 b4 34. Qe2 Rxc3 35. Rf1 Rc1 36. Kf2 Rc2 0-1

[Event "Madrid Chamartin op 6th"]
[Site "Madrid"]
[Date "2017.09.08"]
[Round "7"]
[White "Callejo Hernanz, Jesus Maria"]
[Black "Yaniz Lana, Francisco Javier"]
[Result "1-0"]
[WhiteElo "1820"]
[BlackElo "1572"]
[PlyCount "39"]
[EventDate "2017.09.04"]
[EventType "swiss"]
[EventRounds "9"]
[EventCountry "ESP"]
[SourceTitle "CBM 180 Extra"]
[Source "ChessBase"]
[SourceDate "2017.10.06"]
[SourceVersion "1"]
[SourceVersionDate "2017.10.06"]
[SourceQuality "1"]

1. d4 d5 2. Nf3 c6 3. g3 Nf6 4. Bg2 Bf5 5. c4 e6 6. 0-0 Be7 7. Nc3 0-0 8. Nh4 Bg4 9. Qb3 Na6 10. Nf3 Ne4 11. a3 Rb8 12. Re1 b5 13. cxd5 exd5 14. Ne5 Bd7 15. Nxe4 dxe4 16. Bxe4 Be6 17. Qd3 f5 18. Bg2 Bc4 19. Nxc4 bxc4 20. Qxc4+ 1-0

[Event "Madrid Chamartin op 6th"]
[Site "Madrid"]
[Date "2017.09.07"]
[Round "5"]
[White "Calvo de Castro, Miguel"]
[Black "Yaniz Lana, Francisco Javier"]
[Result "1-0"]
[WhiteElo "1836"]
[BlackElo "1572"]
[PlyCount "61"]
[EventDate "2017.09.04"]
[EventType "swiss"]
[EventRounds "9"]
[EventCountry "ESP"]
[SourceTitle "CBM 180 Extra"]
[Source "ChessBase"]
[SourceDate "2017.10.06"]
[SourceVersion "1"]
[SourceVersionDate "2017.10.06"]
[SourceQuality "1"]

1. d4 d5 2. c4 c6 3. e3 Bf5 4. Nf3 Nf6 5. Nbd2 Bg6 6. Nh4 Bh5 7. Qb3 Qc8 8. Nhf3 Nbd7 9. Bd3 e6 10. 0-0 Bd6 11. Qc3 Qb8 12. h3 e5 13. dxe5 Nxe5 14. Nxe5 Bxe5 15. Qc2 Bg6 16. Nf3 Bc7 17. cxd5 Nxd5 18. Bd2 0-0 19. Rfd1 Qc8 20. Rac1 a5 21. Be1 Re8 22. Bxg6 hxg6 23. Rxd5 cxd5 24. Qxc7 Qe6 25. Bc3 Qe4 26. Qxb7 Rad8 27. Qb6 g5 28. Nxg5 Qc4 29. Qa7 d4 30. exd4 Rxd4 31. Qxd4 1-0

[Event "Collado Villalba op-B 34th"]
[Site "Collado Villalba"]
[Date "2017.08.23"]
[Round "2"]
[White "Yaniz Lana, Francisco Javier"]
[Black "Alvarez Gonzalez, Eduardo"]
[Result "0-1"]
[WhiteElo "1572"]
[BlackElo "1761"]
[PlyCount "60"]
[EventDate "2017.08.22"]
[EventType "swiss"]
[EventRounds "9"]
[EventCountry "ESP"]
[SourceTitle "CBM 180 Extra"]
[Source "ChessBase"]
[SourceDate "2017.10.06"]
[SourceVersion "1"]
[SourceVersionDate "2017.10.06"]
[SourceQuality "1"]

1. d4 Nf6 2. Nf3 e6 3. Bf4 b6 4. e3 Bb7 5. Bd3 Be7 6. h3 0-0 7. Nbd2 d5 8. 0-0 c5 9. c3 Nbd7 10. Rc1 g6 11. Ne5 Nxe5 12. dxe5 Nh5 13. Bh6 Ng7 14. Qg4 Qd7 15. h4 Rfd8 16. h5 Nxh5 17. f4 f5 18. Qh3 Ng7 19. g4 fxg4 20. Qxg4 Nf5 21. Bxf5 exf5 22. Qh3 d4 23. cxd4 cxd4 24. e6 Qxe6 25. exd4 Rxd4 26. Nb3 Rc4 27. Rce1 Re4 28. Nd4 Bc5 29. Rxe4 Qxe4 30. Re1 Qxd4+ 0-1

[Event "Collado Villalba 64 op 4th"]
[Site "Collado Villalba"]
[Date "2016.07.23"]
[Round "7"]
[White "Yaniz Lana, Francisco Javier"]
[Black "Suarez Paz, Alfonso"]
[Result "0-1"]
[WhiteElo "1622"]
[BlackElo "1871"]
[PlyCount "94"]
[EventDate "2016.07.17"]
[EventType "swiss"]
[EventRounds "9"]
[EventCountry "ESP"]
[SourceTitle "EXT 2017"]
[Source "ChessBase"]
[SourceDate "2016.10.25"]
[SourceVersion "1"]
[SourceVersionDate "2016.10.25"]
[SourceQuality "1"]

1. d4 Nf6 2. Nf3 d5 3. g3 e6 4. Bg2 Be7 5. 0-0 Ne4 6. c4 c6 7. Qd3 0-0 8. Nc3 f5 9. Bf4 Nd7 10. cxd5 exd5 11. Ne5 Nxe5 12. Bxe5 Bd6 13. Bxd6 Qxd6 14. f3 Nxc3 15. Qxc3 f4 16. Qe1 Bd7 17. Rd1 Rae8 18. g4 Re6 19. a3 Rh6 20. Qb4 Qc7 21. h3 Re8 22. Rfe1 Bc8 23. Rc1 Qd8 24. Qd2 Re3 25. Rc3 Rhe6 26. Rxe3 Rxe3 27. Rc1 Qe8 28. Bf1 g5 29. Rc3 Kg7 30. Rxe3 Qxe3+ 31. Qxe3 fxe3 32. Kg2 Kf6 33. Kg3 c5 34. dxc5 Ke5 35. b4 Bd7 36. h4 gxh4+ 37. Kxh4 Kf4 38. g5 d4 39. Kh5 Kg3 40. Kh6 Kf2 41. Kxh7 Kxf1 42. g6 d3 43. g7 Be6 44. exd3 e2 45. g8Q Bxg8+ 46. Kxg8 e1Q 47. b5 Qg3+ 0-1

[Event "Collado Villalba 64 op 4th"]
[Site "Collado Villalba"]
[Date "2016.07.22"]
[Round "6"]
[White "Benito Alba, Eladio"]
[Black "Yaniz Lana, Francisco Javier"]
[Result "0-1"]
[WhiteElo "1599"]
[BlackElo "1622"]
[PlyCount "48"]
[EventDate "2016.07.17"]
[EventType "swiss"]
[EventRounds "9"]
[EventCountry "ESP"]
[SourceTitle "EXT 2017"]
[Source "ChessBase"]
[SourceDate "2016.10.25"]
[SourceVersion "1"]
[SourceVersionDate "2016.10.25"]
[SourceQuality "1"]

1. d4 Nf6 2. c4 e6 3. Nf3 d5 4. Nc3 Be7 5. e3 0-0 6. Bd3 h6 7. 0-0 c5 8. Qc2 cxd4 9. exd4 Nc6 10. a3 dxc4 11. Bxc4 Nxd4 12. Nxd4 Qxd4 13. Nb5 Qb6 14. Be3 Bc5 15. Bxc5 Qxc5 16. b4 Qc6 17. Rac1 e5 18. Qb3 Qb6 19. Rfd1 Ne4 20. Qf3 Ng5 21. Qe2 Qf6 22. Rd6 Qf4 23. Rcd1 Bg4 24. f3 Nxf3+ 0-1

[Event "Collado Villalba 64 op 4th"]
[Site "Collado Villalba"]
[Date "2016.07.20"]
[Round "4.13"]
[White "Lavado Pena, David"]
[Black "Yaniz Lana, Francisco Javier"]
[Result "0-1"]
[WhiteElo "1060"]
[BlackElo "1622"]
[PlyCount "132"]
[EventDate "2016.07.17"]
[EventType "swiss"]
[EventRounds "9"]
[EventCountry "ESP"]
[SourceTitle "EXT 2017"]
[Source "ChessBase"]
[SourceDate "2016.10.25"]
[SourceVersion "1"]
[SourceVersionDate "2016.10.25"]
[SourceQuality "1"]

1. c4 c5 2. Nc3 Nf6 3. g3 e6 4. Bg2 Be7 5. e3 0-0 6. Nge2 Nc6 7. d4 d5 8. dxc5 dxc4 9. Qxd8 Rxd8 10. Na4 Nb4 11. 0-0 Bd7 12. Nac3 Bc6 13. Bxc6 Nxc6 14. b3 Bxc5 15. bxc4 Rd3 16. Rd1 Rad8 17. Rxd3 Rxd3 18. Rb1 b6 19. Na4 Rd1+ 20. Kg2 Ba3 21. Nec3 Rxc1 22. Rxc1 Bxc1 23. h4 Ne5 24. f4 Nxc4 25. Kf3 Bxe3 26. Ne2 Nd5 27. Kg4 f5+ 28. Kf3 Nd2+ 29. Kg2 Nb4 30. Nac3 Nd3 31. Nd1 Ne1+ 32. Kh2 Ndf3+ 33. Kh1 Bc5 34. Ndc3 Nd2 35. Nb5 a6 36. Nc7 Kf7 37. Kh2 a5 38. Nb5 Ndf3+ 39. Kh3 Ng1+ 40. Kh2 Nxe2 41. Nc7 Nxf4 42. gxf4 Bd6 43. Nb5 Bxf4+ 44. Kg1 Ke7 45. Nd4 Be3+ 46. Kf1 Bxd4 47. Kxe1 e5 48. Ke2 e4 49. a4 f4 50. h5 f3+ 51. Kd2 e3+ 52. Kd3 e2 53. h6 e1Q 54. Kxd4 f2 55. hxg7 Kf7 56. g8Q+ Kxg8 57. Kd5 Qd2+ 58. Kc6 Qb4 59. Kb7 f1R 60. Ka7 Rf8 61. Kb7 Qe7+ 62. Ka6 Ra8+ 63. Kxb6 Qb4+ 64. Kc7 Ra6 65. Kc8 Ra7 66. Kd8 Qf8# 0-1

[Event "Madrid San Viator op-B 26th"]
[Site "Madrid"]
[Date "2016.04.24"]
[Round "4"]
[White "Yaniz Lana, Francisco Javier"]
[Black "Sanchez Ortega, Ivan"]
[Result "1-0"]
[WhiteElo "1575"]
[BlackElo "1668"]
[PlyCount "121"]
[EventDate "2016.04.03"]
[EventType "swiss"]
[EventRounds "9"]
[EventCountry "ESP"]
[SourceTitle "EXT 2017"]
[Source "ChessBase"]
[SourceDate "2016.10.25"]
[SourceVersion "1"]
[SourceVersionDate "2016.10.25"]
[SourceQuality "1"]

1. d4 Nf6 2. Nf3 e6 3. g3 b6 4. Bg2 Bb7 5. 0-0 Be7 6. c4 0-0 7. Nc3 c5 8. d5 exd5 9. cxd5 d6 10. Bf4 Nbd7 11. a4 Re8 12. Qb3 a6 13. Rfd1 Nf8 14. Nd2 Ng6 15. Bg5 Nd7 16. Bxe7 Rxe7 17. Nc4 Qc7 18. e4 Nge5 19. Nxe5 Nxe5 20. f4 Ng6 21. e5 Rd8 22. Ne4 Ba8 23. exd6 Rxd6 24. Nxd6 Qxd6 25. Qc4 a5 26. Re1 Bb7 27. Rxe7 Nxe7 28. Re1 Kf8 29. Qe2 Bc8 30. Qe5 Qxe5 31. fxe5 Bd7 32. d6 Ng6 33. b3 Ke8 34. Bd5 Nf8 35. Rf1 Be6 36. Bxe6 Nxe6 37. Kg2 Nd4 38. Kf2 Kd7 39. Ke3 Ke6 40. Rd1 f6 41. exf6 gxf6 42. Rf1 Nxb3 43. Rb1 c4 44. Rd1 Kd7 45. Rf1 Nc5 46. Kd4 Nb3+ 47. Kc3 Nc5 48. Kxc4 Ne4 49. Kb5 Nc3+ 50. Kxb6 Nxa4+ 51. Kxa5 Nc5 52. Rxf6 Nb7+ 53. Kb4 Nxd6 54. Rh6 Ke7 55. Rxh7+ Kf8 56. Rd7 Nf5 57. g4 Nh6 58. h3 Nf7 59. Rxf7+ Kxf7 60. Kc5 Kf6 61. Kd5 1-0

[Event "Madrid San Viator op-B 26th"]
[Site "Madrid"]
[Date "2016.04.03"]
[Round "1"]
[White "Yaniz Lana, Francisco Javier"]
[Black "Trapero Bueno, Vicente"]
[Result "1-0"]
[WhiteElo "1575"]
[BlackElo "1231"]
[PlyCount "129"]
[EventDate "2016.04.03"]
[EventType "swiss"]
[EventRounds "9"]
[EventCountry "ESP"]
[SourceTitle "EXT 2017"]
[Source "ChessBase"]
[SourceDate "2016.10.25"]
[SourceVersion "1"]
[SourceVersionDate "2016.10.25"]
[SourceQuality "1"]

1. d4 d5 2. Nf3 Nf6 3. Bf4 Bf5 4. e3 h6 5. c4 e6 6. Qb3 Qc8 7. Nc3 c6 8. cxd5 exd5 9. Be2 Be7 10. h3 0-0 11. Rc1 Nbd7 12. Nb5 a6 13. Nd6 Bxd6 14. Bxd6 Re8 15. Ne5 Nxe5 16. Bxe5 Ne4 17. g4 Bg6 18. Bd3 Kh7 19. f3 Ng5 20. Bxg6+ fxg6 21. Qd1 Rf8 22. Rf1 Qd8 23. h4 Qa5+ 24. Rc3 Ne6 25. a3 c5 26. dxc5 Nxc5 27. Qxd5 Nd3+ 28. Qxd3 Qxe5 29. f4 Qe7 30. g5 Rf5 31. Rc4 Rd8 32. Qe4 Qd7 33. Rd4 Rd5 34. Rxd5 Qxd5 35. Qxd5 Rxd5 36. Ke2 Kg8 37. Rc1 Rd8 38. Rc7 b5 39. Ra7 Rd6 40. e4 Rd4 41. Ke3 Rd1 42. Rxa6 Rh1 43. Rb6 Rxh4 44. Rxb5 Rh3+ 45. Kd4 Rh4 46. Ke5 hxg5 47. fxg5 Rh5 48. Ke6 Rh1 49. a4 Rh4 50. Kd5 Rg4 51. Kd4 Kf7 52. a5 Rg1 53. b4 Ra1 54. Rb7+ Kf8 55. Rb5 Rd1+ 56. Ke3 Ra1 57. e5 Ke7 58. Rb6 Re1+ 59. Kd4 Rd1+ 60. Kc5 Rc1+ 61. Kb5 Re1 62. Rxg6 Rxe5+ 63. Kb6 Kf8 64. a6 Re8 65. a7 1-0

[Event "Madrid San Viator op 22nd"]
[Site "Madrid"]
[Date "2014.05.25"]
[Round "8"]
[White "Yaniz Lana, Francisco Javier"]
[Black "Petru, Lucian Olimpiu"]
[Result "0-1"]
[WhiteElo "1637"]
[BlackElo "1805"]
[PlyCount "90"]
[EventDate "2014.03.23"]
[EventType "swiss"]
[EventRounds "9"]
[EventCountry "ESP"]
[SourceTitle "EXT 2015"]
[Source "ChessBase"]
[SourceDate "2014.11.20"]
[SourceVersion "1"]
[SourceVersionDate "2014.11.20"]
[SourceQuality "1"]

1. d4 d5 2. Nf3 Nc6 3. g3 Bg4 4. Bg2 e6 5. 0-0 Nf6 6. c4 Be7 7. Nc3 0-0 8. Ne5 Bf5 9. Nxc6 bxc6 10. c5 e5 11. dxe5 Nd7 12. e4 dxe4 13. Nxe4 Nxe5 14. Qh5 g6 15. Qe2 Qd3 16. Qxd3 Nxd3 17. Bh6 Rfd8 18. b3 Rd5 19. b4 Nxb4 20. Rab1 Bxe4 21. Bxe4 Rd4 22. Rfe1 Bxc5 23. Re2 Rad8 24. a3 Nd5 25. Rc1 Bxa3 26. Rxc6 Bd6 27. Ra6 Nc3 28. Bf3 Nxe2+ 29. Bxe2 Re4 30. Bf3 Re1+ 31. Kg2 Bc5 32. Rc6 Bb6 33. h4 a5 34. Rc4 Rd4 35. Rc6 Re6 36. Rc1 a4 37. h5 gxh5 38. Be3 Rb4 39. Rh1 Bxe3 40. fxe3 Rxe3 41. Bxh5 Rb2+ 42. Kh3 Rf2 43. Rc1 a3 44. Rxc7 a2 45. Ra7 Re1 0-1

[Event "Madrid San Viator op 20th"]
[Site "Madrid"]
[Date "2013.05.19"]
[Round "6"]
[White "Sierra Soria, Maria"]
[Black "Yaniz Lana, Francisco Javier"]
[Result "1-0"]
[WhiteElo "1864"]
[BlackElo "1653"]
[PlyCount "79"]
[EventDate "2013.04.07"]
[EventType "swiss"]
[EventRounds "9"]
[EventCountry "ESP"]
[SourceTitle "EXT 2014"]
[Source "ChessBase"]
[SourceDate "2013.11.20"]
[SourceVersion "1"]
[SourceVersionDate "2013.11.20"]
[SourceQuality "1"]

1. e4 c5 2. Nf3 d6 3. d4 Nf6 4. Nc3 cxd4 5. Nxd4 g6 6. Bc4 Bg7 7. 0-0 0-0 8. Kh1 Nc6 9. Qd3 Ng4 10. Nde2 Nge5 11. Bxf7+ Rxf7 12. Qg3 Qf8 13. f4 Kh8 14. Nd5 e6 15. Ne3 Nd7 16. c3 Nc5 17. Qf3 Nd3 18. Nc4 Nxc1 19. Raxc1 b5 20. e5 Bb7 21. Nxd6 Nd4 22. Nxf7+ Qxf7 23. Qd3 Nf5 24. Kg1 Bf8 25. Nd4 Bc5 26. Qxb5 Rc8 27. Qd3 Qc7 28. Kh1 Bb6 29. Nf3 Be3 30. Rcd1 Bd5 31. Rfe1 Bxf4 32. c4 Bc6 33. b3 g5 34. Nd4 Nh4 35. Nxc6 Qxc6 36. Qe4 Qa6 37. g3 Qxa2 38. gxf4 Rf8 39. Rd7 Rf5 40. Qa8+ 1-0

[Event "Madrid San Viator op 20th"]
[Site "Madrid"]
[Date "2013.04.21"]
[Round "3"]
[White "Cabeza Hernandez, Guillermo"]
[Black "Yaniz Lana, Francisco Javier"]
[Result "1-0"]
[WhiteElo "1549"]
[BlackElo "1653"]
[PlyCount "89"]
[EventDate "2013.04.07"]
[EventType "swiss"]
[EventRounds "9"]
[EventCountry "ESP"]
[SourceTitle "EXT 2014"]
[Source "ChessBase"]
[SourceDate "2013.11.20"]
[SourceVersion "1"]
[SourceVersionDate "2013.11.20"]
[SourceQuality "1"]

1. c4 c5 2. g3 Nf6 3. Bg2 g6 4. Nc3 Bg7 5. Rb1 e6 6. b4 cxb4 7. Rxb4 d5 8. cxd5 exd5 9. d4 0-0 10. e3 Re8 11. Nge2 Nc6 12. Rb3 Na5 13. Rb2 Nc4 14. Rb3 a5 15. 0-0 a4 16. Rb5 Ra5 17. Rxa5 Qxa5 18. Qxa4 Qd8 19. Nf4 Nb6 20. Qb3 Ne4 21. Ncxd5 Nxd5 22. Qxd5 Nc3 23. Qb3 Qc7 24. Ba3 Be6 25. Qxb7 Qxb7 26. Bxb7 Bxa2 27. Rc1 Rb8 28. Rxc3 Rxb7 29. Rc8+ Bf8 30. Bxf8 f5 31. Kg2 g5 32. Bh6+ Kf7 33. Bxg5 Rb1 34. Rc5 Rb6 35. Rxf5+ Kg7 36. d5 Bc4 37. Be7 h5 38. Nxh5+ Kg6 39. g4 Rb2 40. Nf4+ Kh7 41. Kg3 Rb1 42. Kh4 Rb7 43. d6 Rb8 44. d7 Rb6 45. d8Q 1-0

[Event "Madrid-ch Previa-B"]
[Site "Madrid"]
[Date "2013.02.16"]
[Round "7"]
[White "Yaniz Lana, Francisco Javier"]
[Black "Escanciano Reyero, Daniel"]
[Result "0-1"]
[WhiteElo "1669"]
[BlackElo "1498"]
[PlyCount "70"]
[EventDate "2013.02.01"]
[EventType "swiss"]
[EventRounds "9"]
[EventCountry "ESP"]
[SourceTitle "CBM 152 Extra"]
[Source "ChessBase"]
[SourceDate "2013.02.25"]
[SourceVersion "1"]
[SourceVersionDate "2013.02.25"]
[SourceQuality "1"]

1. d4 d5 2. Nf3 Nf6 3. g3 e6 4. Bg2 c5 5. 0-0 cxd4 6. Nxd4 e5 7. Nb3 Be6 8. Nc3 Bb4 9. Qd3 Bxc3 10. Qxc3 Nbd7 11. Qb4 Qc7 12. Bg5 Rc8 13. f4 exf4 14. Bxf4 Qb6+ 15. Qxb6 Nxb6 16. Nd4 0-0 17. Nxe6 fxe6 18. Bh3 Rfe8 19. c3 Na4 20. Rf3 b6 21. Re3 Ne4 22. Rb1 Rc6 23. Bg2 Nac5 24. b4 Na4 25. Bxe4 dxe4 26. Be5 Rec8 27. Rc1 Rc4 28. Bd4 Rxd4 29. cxd4 Rxc1+ 30. Kf2 Nc3 31. Kg2 Rc2 32. Kf1 Kf7 33. a4 Kf6 34. g4 Kg5 35. h3 Kf4 0-1